| 000 | 00355nam a2200145Ia 4500 | ||
|---|---|---|---|
| 008 | 230917s9999||||xx |||||||||||||| ||und|| | ||
| 040 |
_e147631 _aMAIN |
||
| 041 | _aEnglish | ||
| 082 | _a301.045 H744M | ||
| 100 | _aHolton, Robert J | ||
| 245 | 0 | _aMax Weber on economy and society | |
| 260 |
_aLondon _bRoutledge _c1989 |
||
| 300 | _a211 p. | ||
| 942 | _cBK | ||
| 999 |
_c83612 _d83612 |
||